| 000 | 01765cam a22004694a 4500 | ||
|---|---|---|---|
| 001 | 15602917 | ||
| 005 | 20160210093943.0 | ||
| 008 | 090127s2010 moua b 001 0 eng | ||
| 010 | _a 2009003577 | ||
| 016 | 7 |
_a101494633 _2DNLM |
|
| 020 | _a9780323057011 (pbk. : alk. paper) | ||
| 020 | _a0323057012 (pbk. : alk. paper) | ||
| 035 | _a(OCoLC)ocn300397226 | ||
| 040 |
_aDNLM/DLC _cDLC _dBTCTA _dYDXCP _dNLM _dC#P _dCDX _dDLC |
||
| 042 | _apcc | ||
| 050 | 0 | 0 |
_aRC954 _b.G455 2010 |
| 082 | 0 | 0 |
_a618.97/0231 _222 |
| 100 | 1 | _aTouhy, Theris A. | |
| 245 | 1 | 0 |
_aEbersole and Hess' gerontological nursing & healthy aging / _cTheris A. Touhy, Kathleen F. Jett. |
| 246 | 3 | 0 | _aGerontological nursing & healthy aging |
| 246 | 3 | _aEbersole and Hess' gerontological nursing and healthy aging | |
| 250 | _a3rd ed. | ||
| 260 |
_aSt. Louis, Mo. : _bMosby/Elsevier, _cc2010. |
||
| 300 |
_ax, 483 p. : _bill. ; _c24 cm. |
||
| 500 | _aRev. ed. of: Gerontological nursing & healthy aging / Priscilla Ebersole ... [et al.]. 2nd ed. c2005. | ||
| 504 | _aIncludes bibliographical references and index. | ||
| 650 | 0 | _aGeriatric nursing. | |
| 650 | 0 | _aAging. | |
| 650 | 0 |
_aOlder people _xHealth and hygiene. |
|
| 650 | 1 | 2 | _aGeriatric Nursing. |
| 650 | 2 | 2 | _aAged. |
| 650 | 2 | 2 | _aAging. |
| 650 | 2 | 2 | _aHealth Promotion. |
| 650 | 2 | 2 | _aHolistic Nursing. |
| 700 | 1 | _aJett, Kathleen Freudenberger. | |
| 700 | 1 | _aEbersole, Priscilla. | |
| 700 | 1 |
_aHess, Patricia A., _d1938- |
|
| 730 | 0 | _aGerontological nursing & healthy aging. | |
| 906 |
_a7 _bcbc _corignew _d1 _eecip _f20 _gy-gencatlg |
||
| 942 |
_2lcc _cBOOKS |
||
| 999 |
_c10800 _d10800 |
||